Statystyki dla DOPASUJ KRAJ DO SKOCZKA

Kliknij tutaj aby rozwiązać quiz!

Ogólne statystyki

  • Ten quiz został rozwiązany 778 razy
  • Średni wynik to 14 z 15

Statystyki odpowiedzi

HintOdpowiedź% Poprawnych
YUKIYA SATOJAPONIA
99%
KAMIL STOCHPOLSKA
99%
RYOYU KOBAYASHIJAPONIA
98%
STEFAN KRAFTAUSTRIA
97%
KARL GEIGERNIEMCY
97%
DANIEL ANDRE TANDENORWEGIA
97%
DIMITRII VASILIEWROSJA
96%
JOHANN ANDRE FORFANGNORWEGIA
95%
STEPHAN LEYHENIEMCY
94%
MARIUS LINDVIKNORWEGIA
94%
DANIEL HUBERAUSTRIA
93%
ANTI ALTTOFINLANDIA
91%
VINCENTE DESCOMBES SEVOIEFRANCJA
88%
KILLIAN PEIERSZWAJCARIA
86%
KEVIN BICKNERUSA
82%

Rozkład punktacji

Percentyl według liczby udzielonych odpowiedzi

Procent ludzi z każdym wynikiem

Twoja historia wyników

Nie rozwiązałeś tego quizu